[Event "World Rapid 2022"]
[Site "Almaty KAZ"]
[Date "2022.12.27"]
[Round "6.35"]
[White "Sankalp, Gupta"]
[Black "Aravindh, Chithambaram VR."]
[Result "1-0"]
[WhiteTitle "GM"]
[BlackTitle "GM"]
[WhiteElo "2485"]
[BlackElo "2607"]
[WhiteFideId "5097010"]
[BlackFideId "5072786"]
[EventDate "2022.12.26"]

1. d4 Nf6 2. Nf3 g6 3. Bg5 Bg7 4. Nbd2 c5 5. Bxf6 Bxf6 6. Ne4 Qb6 7. Nxf6+ Qxf6
8. e4 O-O 9. c3 d6 10. h3 Nc6 11. Be2 cxd4 12. cxd4 Qf4 13. Bd3 d5 14. Qd2 Qxd2+
15. Kxd2 dxe4 16. Bxe4 Rd8 17. Ke3 Be6 18. Bxc6 bxc6 19. Ne5 c5 20. dxc5 Rd5 21.
Nc6 Rxc5 22. Rhc1 Rxc1 23. Rxc1 Kf8 24. Kd4 Rc8 25. Rc5 Bxa2 26. Nxa7 Rd8+ 27.
Ke3 Bd5 28. g3 Bb7 29. b4 Ra8 30. Ra5 Ke8 31. Nb5 Rb8 32. Nd4 Bg2 33. b5 Kd7 34.
h4 Bd5 35. f4 f6 36. Ra7+ Kd6 37. Ra6+ Kd7 38. Ra7+ Kd6 39. Ra6+ Kc5 40. Ra7 Bb7
41. g4 Kb6 42. Ra3 Rc8 43. g5 f5 44. h5 Rc4 45. hxg6 hxg6 46. Ra1 Rc5 47. Ne6
Rc4 48. Nf8 Re4+ 49. Kd2 Rd4+ 50. Ke3 Rd6 51. Ra2 Be4 52. Ra6+ Kxb5 53. Rxd6
exd6 54. Nxg6 Bd5 55. Kd4 Be6 56. Ne7 Kb6 57. g6 Kc7 58. g7 Kd7 59. Nxf5 Ba2 60.
Nh6 Ke7 61. g8=Q Bxg8 62. Nxg8+ Kf7 63. Nh6+ Kg6 64. Kd5 Kxh6 65. Kxd6 1-0

[Event "World Rapid 2022"]
[Site "Almaty KAZ"]
[Date "2022.12.27"]
[Round "6.36"]
[White "Maze, Sebastien"]
[Black "Agmanov, Zhandos"]
[Result "1-0"]
[WhiteTitle "GM"]
[BlackTitle "IM"]
[WhiteElo "2538"]
[BlackElo "2442"]
[WhiteFideId "613762"]
[BlackFideId "13708309"]
[EventDate "2022.12.26"]

1. e4 c6 2. d4 d5 3. e5 Bf5 4. Nf3 e6 5. Be2 c5 6. c4 dxc4 7. Nc3 Nc6 8. Be3
Nge7 9. dxc5 Ng6 10. Bxc4 Ngxe5 11. Nxe5 Nxe5 12. Qa4+ Nc6 13. Rd1 Qa5 14. Qb3
Qb4 15. Qxb4 Nxb4 16. O-O a6 17. Na4 Be7 18. a3 Nc6 19. Nb6 Rd8 20. Rxd8+ Kxd8
21. Rd1+ Kc7 22. Bf4+ e5 23. Nd5+ Kd8 24. Nb4+ Ke8 25. Nxc6 exf4 26. Nxe7 Kxe7
27. b4 Rc8 28. Rd6 a5 29. Rb6 Rc7 30. f3 axb4 31. axb4 Rd7 32. Kf2 Kd8 33. Bb5
Rd2+ 34. Ke1 Rb2 35. Rxb7 Rxb4 36. c6 Rb1+ 37. Kd2 Rb2+ 38. Kc3 Rc2+ 39. Kb4 Be6
40. Ka5 Kc8 41. Kb6 Bd5 42. Ra7 Bxc6 43. Bxc6 Rb2+ 44. Bb5 Kd8 45. Rd7+ Kc8 46.
Rxf7 1-0

[Event "World Rapid 2022"]
[Site "Almaty KAZ"]
[Date "2022.12.27"]
[Round "6.37"]
[White "Moiseenko, Alexander"]
[Black "Tsaruk, Maksim"]
[Result "1/2-1/2"]
[WhiteTitle "GM"]
[BlackTitle "FM"]
[WhiteElo "2577"]
[BlackElo "2373"]
[WhiteFideId "14102560"]
[BlackFideId "13511173"]
[EventDate "2022.12.26"]

1. d4 d5 2. c4 dxc4 3. e3 Nf6 4. Bxc4 a6 5. Nf3 e6 6. O-O c5 7. Bb3 Nc6 8. Qe2
b5 9. a4 b4 10. dxc5 Bxc5 11. e4 Nd4 12. Nxd4 Qxd4 13. Be3 Qxe4 14. Nd2 Qf5 15.
Nc4 Bb7 16. Rfd1 O-O 17. Bc2 Be4 18. Bxe4 Nxe4 19. Bxc5 Nxc5 20. Nd6 Qg5 21. Qc4
Rfd8 22. Qxb4 Rab8 23. Qa5 h6 24. h4 Qe5 25. Nxf7 Rxd1+ 26. Rxd1 Kxf7 27. b4 Qe2
28. Qc7+ Kg6 29. Rf1 Rxb4 30. Qxc5 Rxh4 31. Qe7 Rd4 32. g3 Kh7 33. a5 Rd5 34.
Qb4 Rb5 35. Qc3 Qe5 36. Qxe5 Rxe5 37. Ra1 h5 38. Kg2 Kg6 39. Ra4 Rb5 40. Kh3 Kg5
41. Re4 Kf5 42. Rf4+ Kg6 43. Ra4 e5 44. Kh4 Rd5 45. Kh3 Kf5 46. Kg2 g6 47. Kf3
Rd4 48. Ra2 g5 49. Ra1 h4 50. gxh4 Rxh4 51. Kg3 Rb4 52. f3 Rb3 53. Ra4 Rd3 54.
Kf2 Rd4 55. Ra2 Kf4 56. Kg2 Rc4 57. Kf2 Rb4 58. Kg2 Rc4 59. Kf2 Rd4 60. Kg2 e4
61. fxe4 Kxe4 62. Kg3 Kd5 63. Rf2 Kc5 64. Rf6 Rd6 65. Rxd6 1/2-1/2

[Event "World Rapid 2022"]
[Site "Almaty KAZ"]
[Date "2022.12.27"]
[Round "6.38"]
[White "Brunello, Sabino"]
[Black "Vakhidov, Jakhongir"]
[Result "1-0"]
[WhiteTitle "GM"]
[BlackTitle "GM"]
[WhiteElo "2519"]
[BlackElo "2607"]
[WhiteFideId "813613"]
[BlackFideId "14201801"]
[EventDate "2022.12.26"]

1. e4 c5 2. Nf3 g6 3. c4 Bg7 4. d4 cxd4 5. Nxd4 Qb6 6. Nb3 Qc7 7. Be2 d6 8. O-O
Nc6 9. f4 a6 10. Kh1 Be6 11. Qd2 a5 12. a4 Qb6 13. Ra3 Nf6 14. Nc3 O-O 15. f5
Bd7 16. g4 Nb4 17. g5 Ne8 18. Nd5 Nxd5 19. cxd5 Be5 20. Qd3 gxf5 21. exf5 Qb4
22. Nd2 Bxa4 23. Nf3 Bd7 24. Rb3 Qc5 25. Be3 Qc8 26. Nxe5 dxe5 27. Rc3 Qd8 28.
Qe4 Nd6 29. Qxe5 f6 30. gxf6 Rxf6 31. Qg3+ Kh8 32. Bd3 Nxf5 33. Bxf5 Bxf5 34.
Rxf5 Rxf5 35. Bd4+ Rf6 36. d6 Qf8 37. Qe5 Qg7 38. Rg3 Qh6 39. dxe7 Qc1+ 40. Rg1
Qc6+ 41. Rg2 Qc1+ 42. Bg1 Qc6 43. Bd4 Qc1+ 44. Bg1 Qc6 45. h3 h6 46. Bd4 1-0

[Event "World Rapid 2022"]
[Site "Almaty KAZ"]
[Date "2022.12.27"]
[Round "6.39"]
[White "Vallejo Pons, Francisco"]
[Black "Idani, Pouya"]
[Result "0-1"]
[WhiteTitle "GM"]
[BlackTitle "GM"]
[WhiteElo "2716"]
[BlackElo "2637"]
[WhiteFideId "2205530"]
[BlackFideId "12510130"]
[EventDate "2022.12.26"]

1. e4 c5 2. Nc3 d6 3. d4 cxd4 4. Qxd4 Nc6 5. Qd2 g6 6. b3 Bh6 7. f4 Nf6 8. Bb2
O-O 9. O-O-O a5 10. a4 Qb6 11. Kb1 Nb4 12. h3 d5 13. exd5 Bf5 14. Rc1 Rac8 15.
Bc4 Bg7 16. Nge2 Rxc4 17. bxc4 Ne4 18. Qe1 Rc8 19. g4 Nxd5 20. Nb5 Bxb2 21. cxd5
Bxc1 22. Kxc1 Nf2 23. Nec3 Nxh1 24. gxf5 Qf6 25. Kb2 Rc4 26. Qxh1 Rxa4 27. Qf3
Rb4+ 28. Ka2 Qxf5 29. Qe2 Rxf4 30. Na3 Qxh3 31. Qe5 Rf5 32. Qb8+ Kg7 33. Kb2 Qe3
34. Qxb7 h5 35. Nab5 Qc5 36. d6 exd6 37. Qd7 Qb4+ 38. Ka2 Rf2 39. Ka1 0-1

[Event "World Rapid 2022"]
[Site "Almaty KAZ"]
[Date "2022.12.27"]
[Round "6.40"]
[White "Matlakov, Maxim"]
[Black "Kovalev, Vladislav"]
[Result "1/2-1/2"]
[WhiteTitle "GM"]
[BlackTitle "GM"]
[WhiteElo "2662"]
[BlackElo "2623"]
[WhiteFideId "4168003"]
[BlackFideId "13504398"]
[EventDate "2022.12.26"]

1. d4 Nf6 2. c4 e6 3. Nc3 Bb4 4. e3 O-O 5. a3 Bxc3+ 6. bxc3 b6 7. Bd3 Bb7 8. f3
Nh5 9. Nh3 Qh4+ 10. Nf2 f5 11. O-O Nc6 12. e4 fxe4 13. Nxe4 h6 14. Ra2 Na5 15.
c5 Nf6 16. Re2 Nxe4 17. Bxe4 Bxe4 18. Rxe4 Qe7 19. Bf4 Rac8 20. Qe2 Nc6 21. Bg3
Rf5 22. Rd1 Qf8 23. cxb6 cxb6 24. c4 Na5 25. d5 Qxa3 26. dxe6 dxe6 27. Bd6 Qb3
28. c5 Nb7 29. Rb4 Qxb4 30. Qxe6+ Rf7 31. Qxc8+ Kh7 32. Qe8 Rf6 33. Be5 Qxc5+
34. Kh1 Qc6 35. Qe7 Rg6 36. h4 Qe6 37. Qc7 Nc5 38. Rd2 Qf5 39. Re2 Nb7 1/2-1/2

[Event "World Rapid 2022"]
[Site "Almaty KAZ"]
[Date "2022.12.27"]
[Round "6.41"]
[White "Shankland, Sam"]
[Black "Yilmaz, Mustafa"]
[Result "1/2-1/2"]
[WhiteTitle "GM"]
[BlackTitle "GM"]
[WhiteElo "2710"]
[BlackElo "2617"]
[WhiteFideId "2004887"]
[BlackFideId "6302718"]
[EventDate "2022.12.26"]

1. c4 e5 2. g3 c6 3. Nf3 e4 4. Nd4 d5 5. cxd5 Qxd5 6. Nc2 Nf6 7. Nc3 Qe5 8. Bg2
Na6 9. a3 g6 10. b4 Bg7 11. Bb2 O-O 12. Ne3 Qe7 13. Qc2 Re8 14. O-O Nc7 15. Rab1
Bd7 16. a4 Rac8 17. Qb3 Be6 18. Qa3 Bd7 19. b5 Qe6 20. Ba1 b6 21. bxc6 Bxc6 22.
Rfc1 Qd7 23. d3 Na6 24. dxe4 Nxe4 25. Rd1 Qe7 26. Qxe7 Rxe7 27. Ned5 Bxd5 28.
Nxd5 Ree8 29. a5 bxa5 30. Rb7 Nac5 31. Rxa7 Bxa1 32. Rxa1 Rcd8 33. Bxe4 Nxe4 34.
R1xa5 Kg7 35. Kg2 Re5 36. Nf4 Rxa5 37. Rxa5 Rd7 38. g4 Nf6 39. f3 Rb7 40. h4 Rb4
41. Kg3 Rb7 42. h5 Ng8 43. g5 h6 44. hxg6 fxg6 45. Ne6+ Kh7 46. e4 hxg5 47. Rxg5
Rb6 48. Re5 Nf6 49. Kh4 Kh6 50. Ng5 Rb1 51. Nf7+ Kg7 52. Nd6 Nh5 53. Ne8+ Kf7
54. Nc7 Rh1+ 55. Kg5 Rg1+ 56. Kh6 Rh1 57. Nd5 Ng7+ 58. Kg5 Rh5+ 59. Kf4 Ne6+ 60.
Rxe6 Kxe6 61. Kg4 Rh1 62. f4 Rg1+ 63. Kf3 1/2-1/2

[Event "World Rapid 2022"]
[Site "Almaty KAZ"]
[Date "2022.12.27"]
[Round "6.42"]
[White "Harikrishna, Pentala"]
[Black "Lintchevski, Daniil"]
[Result "1/2-1/2"]
[WhiteTitle "GM"]
[BlackTitle "GM"]
[WhiteElo "2705"]
[BlackElo "2548"]
[WhiteFideId "5007003"]
[BlackFideId "4171055"]
[EventDate "2022.12.26"]

1. Nf3 d5 2. g3 c5 3. Bg2 Nc6 4. d4 e6 5. O-O Nf6 6. b3 Be7 7. Bb2 O-O 8. e3
cxd4 9. Nxd4 Bd7 10. Nd2 Nxd4 11. Bxd4 Rc8 12. c4 Bc6 13. Rc1 dxc4 14. Nxc4 Bxg2
15. Kxg2 Bc5 16. Bxf6 Qxf6 17. Qf3 Qe7 18. a4 Bb4 19. Rfd1 Rcd8 20. Ne5 Bd6 21.
Nc4 Bb4 22. h4 h6 23. h5 Rfe8 24. Rxd8 Rxd8 25. Rd1 Rxd1 26. Qxd1 Qc7 27. Qf3
Be7 28. Qe4 a6 29. g4 Bf6 30. Qd3 Qc6+ 31. f3 b5 32. axb5 Qxb5 33. Qc2 Qb8 34.
Nd2 Bh4 35. f4 Be7 36. Nf3 Qb7 37. Qc4 Bf6 38. Kf2 Be7 39. Ke2 a5 40. f5 exf5
41. gxf5 Bb4 42. e4 Qd7 43. Qd5 Qc8 44. Qd3 Qc1 45. e5 Qf4 46. e6 fxe6 47. fxe6
Qg4 48. Qd5 Be7 49. Kf2 Qf4 50. Ke2 Qg4 51. Kf2 Qf4 52. Qe5 Qg4 53. Qd5 Qf4 54.
Ke2 Qg4 55. Kd3 Qg3 56. Qa8+ Kh7 57. Qe4+ Kg8 58. Qd5 Qh3 59. Qa8+ Kh7 60. Qe4+
Kg8 61. Qa8+ Kh7 62. Qe4+ Kg8 63. Qa8+ Kh7 64. Qe4+ 1/2-1/2

[Event "World Rapid 2022"]
[Site "Almaty KAZ"]
[Date "2022.12.27"]
[Round "6.43"]
[White "Durarbayli, Vasif"]
[Black "Salem, A.R. Saleh"]
[Result "0-1"]
[WhiteTitle "GM"]
[BlackTitle "GM"]
[WhiteElo "2612"]
[BlackElo "2677"]
[WhiteFideId "13402935"]
[BlackFideId "9301348"]
[EventDate "2022.12.26"]

1. e4 e5 2. Nf3 Nc6 3. Bc4 Nf6 4. d3 Bc5 5. O-O O-O 6. c3 d6 7. Re1 a6 8. a4 Ba7
9. h3 h6 10. Nbd2 Re8 11. b4 Be6 12. Bxe6 Rxe6 13. Bb2 Ne7 14. Nf1 Ng6 15. c4
Nh7 16. Ng3 Ng5 17. Rf1 Nxf3+ 18. Qxf3 Rf6 19. Qd1 Nf4 20. Bc1 Ne6 21. Nh5 Rg6
22. Kh2 c6 23. a5 d5 24. c5 Rc8 25. Be3 Bb8 26. Qf3 Rc7 27. Rad1 Rd7 28. g3 Nc7
29. Rg1 Nb5 30. Kh1 Nc3 31. Rc1 dxe4 32. dxe4 Rd3 33. g4 Bc7 34. Ng3 Rf6 35. Nf5
g6 36. Nxh6+ Kf8 37. Nf5 gxf5 38. gxf5 Ke7 39. Kh2 Qd4 40. Rg4 Qxb4 41. Qg2 Rxe3
42. fxe3 Bxa5 43. Rc2 Qxc5 44. Qg3 Qb5 45. Rg8 Qb3 46. Qxe5+ Re6 47. Qc5+ Rd6
48. Rd2 Nxe4 49. Qe5+ Kd7 50. Qe8+ Kc7 51. Qe7+ Kb6 52. Rdg2 Qxe3 53. Rb2+ Kc5
54. Rg4 Qc3 55. Ra2 Nf6 56. Rgg2 Nd5 57. Qxb7 Ne3 58. Rg1 Rd2+ 59. Rxd2 Qxd2+
60. Kh1 Qd5+ 61. Kh2 Qe5+ 62. Kh1 Qe4+ 63. Kh2 Qf4+ 64. Kh1 Qf3+ 65. Kh2 Nf1+
66. Rxf1 Qxf1 67. Qe7+ Kb6 68. Qxf7 Qf2+ 69. Kh1 Qf3+ 70. Kh2 Bd2 71. Qg6 Qf2+
72. Kh1 Qf1+ 0-1

[Event "World Rapid 2022"]
[Site "Almaty KAZ"]
[Date "2022.12.27"]
[Round "6.44"]
[White "Dardha, Daniel"]
[Black "Sargissian, Gabriel"]
[Result "0-1"]
[WhiteTitle "GM"]
[BlackTitle "GM"]
[WhiteElo "2606"]
[BlackElo "2699"]
[WhiteFideId "240990"]
[BlackFideId "13300881"]
[EventDate "2022.12.26"]

1. d4 d5 2. c4 e6 3. Nf3 Nf6 4. Nc3 Bb4 5. Qa4+ Nc6 6. a3 Bxc3+ 7. bxc3 Bd7 8.
cxd5 exd5 9. Qc2 Na5 10. Bf4 O-O 11. e3 Ne4 12. Bd3 Bf5 13. Nd2 Re8 14. f3 Nxd2
15. Bxf5 Ndc4 16. Kf2 g6 17. Bd3 Qh4+ 18. g3 Qe7 19. Rae1 g5 20. Bxh7+ Kh8 21.
Qf5 gxf4 22. exf4 Qd6 23. Qh5 Kg7 24. Bd3 Qh6 25. Qxh6+ Kxh6 26. g4 c5 27. g5+
Kg7 28. h4 cxd4 29. cxd4 Nc6 30. h5 Nxd4 31. f5 Ne5 32. f6+ Kg8 33. Re3 Nxd3+
34. Rxd3 Re2+ 35. Kg3 Ne6 36. Rxd5 Rc8 37. g6 Rcc2 38. Rg1 Rg2+ 39. Rxg2 Rxg2+
40. Kh4 fxg6 41. hxg6 Rxg6 42. Rd7 Rxf6 43. Rxb7 Rf7 44. Rb8+ Kg7 45. Kg4 Rf4+
46. Kg3 Ra4 47. Rb3 Nd4 48. Rd3 Kf6 49. Kf2 Ke5 50. Re3+ Kd5 51. f4 Ne6 52. f5
Rf4+ 53. Rf3 Rxf3+ 54. Kxf3 Nd4+ 55. Kf4 Kd6 56. a4 Nb3 57. Kg5 Ke7 58. Kg6 Kf8
59. Kf6 Nc5 60. a5 Nb7 61. Ke6 Nxa5 62. Kd6 Nb7+ 63. Kc6 a5 0-1

[Event "World Rapid 2022"]
[Site "Almaty KAZ"]
[Date "2022.12.27"]
[Round "6.45"]
[White "Rakhmanov, Aleksandr"]
[Black "Makhnev, Denis"]
[Result "1-0"]
[WhiteTitle "GM"]
[BlackTitle "GM"]
[WhiteElo "2630"]
[BlackElo "2481"]
[WhiteFideId "4173708"]
[BlackFideId "13707647"]
[EventDate "2022.12.26"]

1. Nf3 d5 2. g3 Bf5 3. Bg2 e6 4. c4 c6 5. d4 Nf6 6. Nc3 h6 7. Qb3 Qb6 8. c5 Qc7
9. Bf4 Qc8 10. O-O Be7 11. Nd2 O-O 12. e4 dxe4 13. Ndxe4 Bxe4 14. Nxe4 Nxe4 15.
Bxe4 Nd7 16. Rad1 Nf6 17. Bb1 Nd5 18. Qc2 f5 19. Be5 Qe8 20. Rfe1 Rd8 21. a3 Qg6
22. b4 a6 23. Qb3 Rfe8 24. Qf3 Bf6 25. Ba2 Kh7 26. Bc4 Bxe5 27. Rxe5 Nc7 28. Qe3
Nd5 29. Qf3 Nc7 30. h3 Rd7 31. Kh2 Qg5 32. Qe2 Red8 33. h4 Qf6 34. Bxe6 Nxe6 35.
Rxe6 Qf7 36. Qe5 Qh5 37. Rd3 Rd5 38. Qf4 R8d7 39. Re5 Rxe5 40. Qxe5 Rd5 41. Qf4
Qe2 42. Qe3 Qc2 43. Qf3 Qb1 44. Kg2 Qc2 45. Kh2 Qb1 46. Kg2 Qc2 47. Qd1 Qa2 48.
Qd2 Qb1 49. Qe2 Rd8 50. Rd1 Qb3 51. Qf3 Qf7 52. Rd3 Kh8 53. Qf4 Qf6 54. Kh2 Kh7
55. Kg2 Rd7 56. Qe3 Rd5 57. Rd2 Rd7 58. a4 Rd5 59. Qd3 Kh8 60. Qe3 Kh7 61. Qf4
Rd7 62. b5 axb5 63. axb5 Rd5 64. b6 Qe7 65. Rd3 Qf6 66. Qd2 Qe6 67. Kh2 Qe4 68.
Qe3 Qg4 69. Qf4 Qe2 70. Rd2 Qe6 71. Qe3 Qf6 72. Rd3 Rd7 73. Qd2 Rd5 74. Kg2 Qe6
75. Qe3 Qf6 76. Qf4 Rd7 77. h5 Qf7 78. g4 Qd5+ 79. Kh2 fxg4 80. Qxg4 Rf7 81. Kg1
Kh8 82. Re3 Qd8 83. Qg6 Rf8 84. Re4 Qd7 85. Qe6 Qd8 86. Qe7 Qc8 87. Re6 Rd8 88.
Rg6 Rd7 89. Qe5 Kg8 90. Re6 Rd8 91. Kh2 Rf8 92. Kg3 Qa8 93. Re7 Qa3+ 94. Qe3 Qa1
95. Kg2 Qd1 96. Qg3 Qxd4 97. Rxb7 Qd5+ 98. Kg1 Qd1+ 99. Kg2 Qd5+ 100. f3 Qd2+
101. Kh3 Qc3 102. Rb8 Rxb8 103. Qxb8+ Kh7 104. Qg3 Qxc5 105. b7 Qf5+ 106. Qg4
Qb5 107. Qg6+ Kh8 108. Qe8+ Kh7 109. Qg6+ Kh8 110. Qe8+ Kh7 111. b8=Q Qf1+ 112.
Kg3 Qg1+ 113. Kf4 Qh2+ 114. Kf5 Qh3+ 115. Ke5 Qh2+ 116. Ke6 Qh3+ 117. Kd6 Qg3+
118. Qe5 1-0

[Event "World Rapid 2022"]
[Site "Almaty KAZ"]
[Date "2022.12.27"]
[Round "6.46"]
[White "Andriasian, Zaven"]
[Black "Petrov, Nikita"]
[Result "1-0"]
[WhiteTitle "GM"]
[BlackTitle "GM"]
[WhiteElo "2580"]
[BlackElo "2537"]
[WhiteFideId "13302000"]
[BlackFideId "4101286"]
[EventDate "2022.12.26"]

1. e4 c5 2. Nf3 e6 3. Nc3 Nc6 4. Bb5 Nge7 5. O-O a6 6. Bxc6 Nxc6 7. d4 cxd4 8.
Nxd4 Be7 9. Be3 O-O 10. a4 d6 11. Qh5 Bf6 12. Rad1 Qa5 13. Qe2 Rd8 14. Nb3 Qc7
15. f4 b6 16. Rf3 Rb8 17. Rh3 g6 18. Bf2 Bb7 19. Bh4 Bxh4 20. Rxh4 b5 21. axb5
axb5 22. Qe3 Nb4 23. f5 exf5 24. Qh6 Qb6+ 25. Nd4 Nxc2 26. Qxh7+ Kf8 27. exf5
Nxd4 28. Rhxd4 d5 29. fxg6 Qxg6 30. Qh4 Bc8 31. Qxd8+ 1-0

[Event "World Rapid 2022"]
[Site "Almaty KAZ"]
[Date "2022.12.27"]
[Round "6.47"]
[White "Narayanan, S.L."]
[Black "Sychev, Klementy"]
[Result "1/2-1/2"]
[WhiteTitle "GM"]
[BlackTitle "GM"]
[WhiteElo "2669"]
[BlackElo "2556"]
[WhiteFideId "5058422"]
[BlackFideId "4114060"]
[EventDate "2022.12.26"]

1. e4 e5 2. Nf3 Nc6 3. Bb5 a6 4. Ba4 Nge7 5. O-O g6 6. d4 exd4 7. Nxd4 Bg7 8.
Nxc6 Nxc6 9. Nd2 O-O 10. Nf3 b5 11. Bb3 Na5 12. Re1 Nxb3 13. axb3 d6 14. Bg5 Qd7
15. c3 Bb7 16. h3 h6 17. Bh4 f5 18. exf5 Qxf5 19. Nd4 Qd5 20. f3 Rae8 21. b4 Kh7
22. Bf2 Bf6 23. Qc2 Qf7 24. Rxe8 Rxe8 25. Re1 Rxe1+ 26. Bxe1 Qe7 27. Bf2 h5 28.
Ne2 Bg5 29. Ng3 Kg7 30. Bd4+ Kf7 31. Ne4 Bh6 32. Qf2 Bxe4 33. fxe4+ Ke8 34. Qe2
Qe6 35. Qf3 Bg5 1/2-1/2

[Event "World Rapid 2022"]
[Site "Almaty KAZ"]
[Date "2022.12.27"]
[Round "6.48"]
[White "Bilguun, Sumiya"]
[Black "Najer, Evgeniy"]
[Result "1/2-1/2"]
[WhiteTitle "GM"]
[BlackTitle "GM"]
[WhiteElo "2474"]
[BlackElo "2662"]
[WhiteFideId "4901541"]
[BlackFideId "4118987"]
[EventDate "2022.12.26"]

1. e4 c5 2. Nc3 d6 3. f4 g6 4. Nf3 Bg7 5. Bc4 Nc6 6. O-O e6 7. d4 cxd4 8. Nb5 a6
9. Nbxd4 Nxd4 10. Nxd4 Nf6 11. f5 gxf5 12. exf5 e5 13. Ne2 b5 14. Bb3 Bb7 15.
Nc3 d5 16. Qe2 O-O 17. Qxe5 d4 18. Nd1 Re8 19. Qg3 Qb6 20. Nf2 Re2 21. Bh6 Nh5
22. Qg4 Rxf2 23. Rxf2 Qxh6 24. f6 Nxf6 25. Qf4 Qxf4 26. Rxf4 Rd8 27. Raf1 Rd6
28. g4 h6 29. h4 Bd5 30. Rxd4 Bxb3 31. Rxd6 Be6 32. Rf4 a5 33. a4 Nd5 34. Rxd5
Bxd5 35. axb5 Bxb2 36. Ra4 Bc3 37. Kf2 Bb4 38. Ke3 Bc5+ 39. Kf4 Bd6+ 40. Ke3
Bc5+ 41. Kf4 Bd6+ 42. Ke3 Bc5+ 43. Kf4 1/2-1/2

[Event "World Rapid 2022"]
[Site "Almaty KAZ"]
[Date "2022.12.27"]
[Round "6.49"]
[White "Sjugirov, Sanan"]
[Black "Yudin, Sergei"]
[Result "1/2-1/2"]
[WhiteTitle "GM"]
[BlackTitle "GM"]
[WhiteElo "2712"]
[BlackElo "2469"]
[WhiteFideId "4189302"]
[BlackFideId "4159659"]
[EventDate "2022.12.26"]

1. d4 d5 2. c4 e6 3. Nf3 c6 4. e3 Bd6 5. Bd3 f5 6. O-O Nf6 7. b3 Qe7 8. a4 a5 9.
Ba3 Bxa3 10. Nxa3 O-O 11. Nc2 Nbd7 12. Qe2 Ne4 13. Ne5 Nxe5 14. dxe5 Bd7 15.
cxd5 cxd5 16. Nd4 Rfc8 17. Rfc1 Qb4 18. Bxe4 dxe4 19. Qd1 Qe7 20. g3 h6 21.
Rxc8+ Rxc8 22. Rc1 Qf8 23. h4 b6 24. Rxc8 Qxc8 25. Ne2 Qc7 26. Nf4 Kf7 27. Qh5+
Kg8 28. Qd1 Kf7 29. Kg2 Ke8 30. Qd4 Qc5 31. Qb2 Kf7 32. h5 Bc6 33. Qa1 Bd5 34.
Qd1 Ke7 35. Ne2 Qc7 36. Nf4 Qc5 37. Ne2 Qc7 38. Qa1 Kf7 39. Qb2 Ke8 40. b4 axb4
41. Qxb4 Qc4 42. Qb2 Qb3 43. Qd4 Qd3 44. Qb2 Qb3 45. Qd4 Qd3 46. Nc3 Qxd4 47.
exd4 Bc6 48. Kf1 Ke7 49. Ke2 Be8 50. Ke3 Bxh5 51. d5 Be8 52. d6+ Kd8 53. f4 exf3
54. Kxf3 g5 55. Ke3 Bc6 56. Kf2 Ke8 57. Nb5 Kf7 58. Na7 Bd7 59. Nb5 h5 60. Kg2
Kg6 61. Nc7 f4 62. gxf4 gxf4 63. Na8 Bxa4 64. Nxb6 Bc6+ 65. Kf2 Kf5 66. d7 Bxd7
67. Nxd7 h4 68. Kf3 h3 69. Nc5 Kxe5 70. Nd3+ Kf5 71. Nf2 e5 72. Nxh3 e4+ 73. Ke2
Ke5 74. Nxf4 1/2-1/2

[Event "World Rapid 2022"]
[Site "Almaty KAZ"]
[Date "2022.12.27"]
[Round "6.50"]
[White "Ponkratov, Pavel"]
[Black "Aleksandrov, Aleksej"]
[Result "1-0"]
[WhiteTitle "GM"]
[BlackTitle "GM"]
[WhiteElo "2577"]
[BlackElo "2495"]
[WhiteFideId "4157800"]
[BlackFideId "13500139"]
[EventDate "2022.12.26"]

1. e4 e5 2. Nf3 Nc6 3. Bb5 a6 4. Ba4 Nf6 5. O-O Be7 6. Re1 b5 7. Bb3 d6 8. a4
Bg4 9. c3 O-O 10. h3 Bh5 11. d3 b4 12. Nbd2 Rb8 13. a5 Qc8 14. Bc4 Rd8 15. Nf1
d5 16. exd5 Nxd5 17. Ng3 bxc3 18. Nxh5 cxb2 19. Bxb2 Rxb2 20. Qc1 Qb7 21. Bxa6
Qxa6 22. Qxb2 g6 23. Ng3 Ndb4 24. d4 exd4 25. Rxe7 Nxe7 26. Qxb4 Nc6 27. Qc5 d3
28. Ne4 1-0

[Event "World Rapid 2022"]
[Site "Almaty KAZ"]
[Date "2022.12.27"]
[Round "6.51"]
[White "Demchenko, Anton"]
[Black "Daneshvar, Bardiya"]
[Result "0-1"]
[WhiteTitle "GM"]
[BlackTitle "IM"]
[WhiteElo "2632"]
[BlackElo "2500"]
[WhiteFideId "4160258"]
[BlackFideId "12576468"]
[EventDate "2022.12.26"]

1. e4 c6 2. Nf3 d5 3. d3 g6 4. Qe2 Bg7 5. g3 dxe4 6. dxe4 e5 7. Bg2 Ne7 8. O-O
O-O 9. b3 Qc7 10. Rd1 b6 11. Bb2 f6 12. Qc4+ Kh8 13. Nc3 Qb7 14. a4 Qa6 15. Bf1
Qxc4 16. Bxc4 Na6 17. Ba3 c5 18. Ne1 Nb4 19. Nb5 Nbc6 20. Bb2 Na5 21. Be2 Nec6
22. Nd3 Nd4 23. Nxd4 cxd4 24. Nb4 Bb7 25. Bd3 f5 26. Re1 Rac8 27. Ba3 Rf7 28.
Re2 fxe4 29. Bxe4 Bxe4 30. Rxe4 Nb7 31. Re2 Nc5 32. Rae1 e4 33. Nd5 d3 34. cxd3
Nxd3 35. Rf1 Rd7 36. Ne7 Rc3 37. Rxe4 Rxb3 38. Bc1 Rb4 39. Re2 Rxa4 40. Nc6 h6
41. Bd2 Ra2 42. Re8+ Kh7 43. Be3 Rc2 44. Nb8 Rf7 45. Re6 Ne5 46. Bf4 Nf3+ 47.
Kg2 Nd4 48. Re4 a5 49. Rd1 Nf5 50. Re6 g5 51. Bd2 Rb7 52. Re8 a4 53. g4 Nd6 54.
Rd8 Nf7 55. Re8 a3 56. Be3 a2 57. Nd7 a1=Q 58. Nf8+ Bxf8 59. Rxa1 Bg7 60. Rb1 b5
61. Kf3 Ne5+ 62. Kg3 b4 63. h4 gxh4+ 64. Kxh4 Rc4 65. f4 Ng6+ 66. Kg3 Re7 67.
Rxe7 Nxe7 68. Rd1 b3 69. Rd7 b2 70. Rb7 Nd5 71. Bf2 Rb4 0-1